[Event "September Lviv Tradition 2019"]
[Site "Lviv"]
[Date "2019.09.25"]
[Round "4.2"]
[White "Prydun, Andriy"]
[Black "Sevostianov, Pavel"]
[Result "0-1"]
[WhiteElo "2273"]
[BlackElo "2260"]
[Annotator "NA"]
[PlyCount "118"]
[EventDate "2019.09.23"]
[EventType "tourn"]
[EventCountry "UKR"]
[SourceTitle "playchess.com"]
[Source "ChessBase"]
[SourceQuality "1"]
[TimeControl "5400+30"]

1. d4 {[%emt 0:02:18]} Nf6 {[%emt 0:00:00]} 2. Nf3 {[%emt 0:00:05]} d6 {[%emt 0:00:18]} 3. c3 {[%emt 0:00:07]} g6 {[%emt 0:02:08]} 4. Bg5 {[%emt 0:00:11]} Bg7 {[%emt 0:00:17]} 5. Nbd2 {[%emt 0:00:05]} Nc6 {[%emt 0:01:18]} 6. e4 {[%emt 0:02:39]} O-O {[%emt 0:01:18]} 7. Bb5 {[%emt 0:19:39]} Bd7 {[%emt 0:01:15]} 8. Qe2 {[%emt 0:06:00]} a6 {[%emt 0:01:43]} 9. Bd3 {[%emt 0:02:11]} h6 {[%emt 0:04:53]} 10. Bxf6 {[%emt 0:01:33]} exf6 $11 {[%emt 0:02:26]} 11. O-O {[%emt 0:15:15]} Ne7 {[%emt 0:02:18]} 12. Rfe1 {[%emt 0:02:16]} Re8 {[%emt 0:02:10]} 13. Qd1 {[%emt 0:00:05]} Rb8 {[%emt 0:00:41]} 14. Nf1 {[%emt 0:06:27]} f5 {[%emt 0:03:03]} 15. e5 {[%emt 0:00:04]} Bc6 {[%emt 0:00:12]} 16. exd6 {[%emt 0:02:42]} cxd6 {[%emt 0:04:38]} 17. Ne3 {[%emt 0:02:50]} b5 {[%emt 0:02:20]} 18. Nd2 {[%emt 0:09:11]} Qd7 {[%emt 0:01:44]} 19. Nb3 {[%emt 0:08:50]} f4 {[%emt 0:02:26]} 20. Nc2 {[%emt 0:00:23]} Nd5 {[%emt 0:02:12]} 21. Be2 {[%emt 0:01:45]} b4 {[%emt 0:13:24]} 22. c4 {[%emt 0:03:22]} Nf6 {[%emt 0:00:12]} 23. Bf3 {[%emt 0:00:18]} Rxe1+ {[%emt 0:03:27]} 24. Nxe1 {[%emt 0:00:03]} Ba4 {[%emt 0:02:40]} 25. Nd3 {[%emt 0:01:07]} g5 {[%emt 0:01:37]} 26. h3 {[%emt 0:01:53]} Qa7 {[%emt 0:00:33]} 27. c5 {[%emt 0:06:31]} Ne8 {[%emt 0:02:00]} 28. Qe2 {[%emt 0:01:11]} Bb5 {[%emt 0:02:42]} 29. Re1 {[%emt 0:01:42]} a5 {[%emt 0:01:12]} 30. c6 {[%emt 0:02:38]} Bxd4 {[%emt 0:07:46]} 31. Qe4 {[%emt 0:01:34]} Bb6 {[%emt 0:02:38]} 32. Rd1 {[%emt 0:00:30]} Bxd3 {[%emt 0:04:44]} 33. Qxd3 {[%emt 0:00:11]} Bxf2+ 34. Kh1 a4 {[%emt 0:02:45]} 35. Nd2 {[%emt 0:00:03]} Qd4 36. Qc2 Qa7 {[%emt 0:11:23]} 37. Bd5 {[%emt 0:01:10]} Kg7 {[%emt 0:00:42]} 38. Nc4 {[%emt 0:01:10]} Bc5 {[%emt 0:00:58]} 39. Bf3 {[%emt 0:00:18]} b3 {[%emt 0:01:35]} 40. axb3 {[%emt 0:00:11]} axb3 41. Qc3+ Kg8 {[%emt 0:01:55]} 42. Qd3 {[%emt 0:00:22]} Qe7 {[%emt 0:00:26]} 43. Nd2 {[%emt 0:02:07]} Qe3 44. Qf5 Qe5 {[%emt 0:05:56]} 45. Qb1 {[%emt 0:00:17]} Nf6 {[%emt 0:02:19]} 46. Nc4 {[%emt 0:00:45]} Qe7 {[%emt 0:00:17]} 47. Re1 {[%emt 0:00:50]} Qc7 {[%emt 0:00:05]} 48. Qf5 {[%emt 0:00:11]} Kg7 {[%emt 0:00:25]} 49. h4 {[%emt 0:00:55]} Rh8 {[%emt 0:00:57]} 50. Qd3 {[%emt 0:00:32]} g4 {[%emt 0:00:26]} 51. Bd5 {[%emt 0:00:20]} Qd8 {[%emt 0:01:58]} 52. g3 {[%emt 0:00:40]} Re8 {[%emt 0:00:42]} 53. Rf1 {[%emt 0:00:29]} f3 {[%emt 0:00:45]} 54. Nd2 {[%emt 0:00:14]} Qe7 {[%emt 0:00:53]} 55. Bc4 {[%emt 0:00:49]} Qe5 {[%emt 0:01:45]} 56. Kh2 {[%emt 0:00:20]} Nh5 57. Ne4 f5 {[%emt 0:01:09]} 58. Qd5 {[%emt 0:01:08]} Qxd5 {[%emt 0:00:40]} 59. Bxd5 {[%emt 0:00:05]} fxe4 {[%emt 0:00:08]} 0-1

[Event "September Lviv Tradition 2019"]
[Site "Lviv"]
[Date "2019.09.25"]
[Round "4.3"]
[White "Gavrish, Leonid"]
[Black "Nester, Ihor"]
[Result "1/2-1/2"]
[WhiteElo "2022"]
[BlackElo "2383"]
[Annotator "NA"]
[PlyCount "94"]
[EventDate "2019.09.23"]
[EventType "tourn"]
[EventCountry "UKR"]
[SourceTitle "playchess.com"]
[Source "ChessBase"]
[SourceQuality "1"]
[TimeControl "5400+30"]

1. d4 {[%emt 0:00:00]} f5 {[%emt 0:00:00]} 2. c4 {[%emt 0:00:00]} Nf6 {[%emt 0:00:00]} 3. Nc3 {[%emt 0:00:00]} d6 {[%emt 0:00:00]} 4. Bg5 {[%emt 0:00:54]} Nbd7 {[%emt 0:00:05]} 5. Qc2 {[%emt 0:00:07]} g6 {[%emt 0:00:16]} 6. e4 {[%emt 0:01:14]} fxe4 {[%emt 0:00:46]} 7. Nxe4 {[%emt 0:00:09]} Bg7 {[%emt 0:00:08]} 8. O-O-O {[%emt 0:00:09]} Nxe4 {[%emt 0:02:43]} 9. Qxe4 {[%emt 0:00:17]} Nf6 {[%emt 0:00:10]} 10. Bxf6 {[%emt 0:01:06]} Bxf6 {[%emt 0:01:39]} 11. f4 {[%emt 0:01:25]} c6 {[%emt 0:01:21]} 12. Nf3 {[%emt 0:01:00]} Qa5 {[%emt 0:02:07]} 13. a3 {[%emt 0:00:55]} Bf5 {[%emt 0:10:24]} 14. Qe3 {[%emt 0:02:13]} b5 {[%emt 0:05:08]} 15. Qb3 $15 {[%emt 0:15:46]} bxc4 {[%emt 0:06:20]} 16. Bxc4 {[%emt 0:15:28]} Qc7 {[%emt 0:01:22]} 17. Qa4 {[%emt 0:05:57]} Be4 {[%emt 0:12:54]} 18. Be6 {[%emt 0:16:20]} Kf8 {[%emt 0:08:30]} 19. Rhf1 {[%emt 0:02:48]} Kg7 {[%emt 0:05:09]} 20. g4 {[%emt 0:01:49]} c5 {[%emt 0:05:56]} 21. d5 {[%emt 0:02:31]} Qb7 {[%emt 0:17:48]} 22. Ne5 {[%emt 0:06:43]} dxe5 {[%emt 0:02:22]} 23. g5 {[%emt 0:00:09]} Rab8 {[%emt 0:08:13]} 24. gxf6+ {[%emt 0:05:27]} exf6 {[%emt 0:00:23]} 25. Rd2 {[%emt 0:04:28]} c4 {[%emt 0:06:30]} 26. fxe5 {[%emt 0:14:36]} c3 {[%emt 0:00:02]} 27. exf6+ {[%emt 0:00:05]} Kh6 {[%emt 0:00:32]} 28. Qxe4 {[%emt 0:00:43]} cxd2+ {[%emt 0:00:02]} 29. Kd1 {[%emt 0:00:41]} Qb3+ {[%emt 0:00:20]} 30. Kxd2 {[%emt 0:01:12]} Qxb2+ {[%emt 0:00:10]} 31. Ke1 {[%emt 0:00:23]} Qb1+ {[%emt 0:02:43]} 32. Qxb1 {[%emt 0:00:02]} Rxb1+ {[%emt 0:00:04]} 33. Kf2 {[%emt 0:00:15]} Rxf1+ {[%emt 0:00:54]} 34. Kxf1 {[%emt 0:00:01]} Rf8 {[%emt 0:01:14]} 35. f7 {[%emt 0:00:09]} Kg7 {[%emt 0:00:29]} 36. Kf2 {[%emt 0:00:27]} Rxf7+ {[%emt 0:00:37]} 37. Bxf7 {[%emt 0:00:03]} Kxf7 {[%emt 0:00:01]} 38. Ke3 {[%emt 0:00:57]} Kf6 {[%emt 0:00:01]} 39. Ke4 {[%emt 0:00:59]} h6 {[%emt 0:01:06]} 40. a4 {[%emt 0:00:54]} a5 {[%emt 0:00:01]} 41. Kd4 {[%emt 0:00:34]} g5 {[%emt 0:00:25]} 42. Ke4 {[%emt 0:00:42]} h5 {[%emt 0:00:50]} 43. h3 {[%emt 0:00:21]} Ke7 {[%emt 0:00:41]} 44. Kf5 {[%emt 0:00:09]} g4 {[%emt 0:00:02]} 45. hxg4 {[%emt 0:00:13]} hxg4 {[%emt 0:00:05]} 46. Kxg4 {[%emt 0:00:04]} Kd6 {[%emt 0:00:02]} 47. Kf3 {[%emt 0:00:14]} Ke5 {Ke4+} 1/2-1/2

[Event "September Lviv Tradition 2019"]
[Site "Lviv"]
[Date "2019.09.25"]
[Round "4.4"]
[White "Rydstrom, Tom"]
[Black "Frolov, Artur"]
[Result "1/2-1/2"]
[WhiteElo "2322"]
[BlackElo "2425"]
[Annotator "NA"]
[PlyCount "85"]
[EventDate "2019.09.23"]
[EventType "tourn"]
[EventCountry "UKR"]
[SourceTitle "playchess.com"]
[Source "ChessBase"]
[SourceQuality "1"]
[TimeControl "5400+30"]

1. e4 {[%emt 0:00:00]} e5 {[%emt 0:00:00]} 2. Nf3 {[%emt 0:00:00]} Nc6 {[%emt 0:00:00]} 3. Bc4 {[%emt 0:00:24]} Bc5 {[%emt 0:00:00]} 4. d3 {[%emt 0:00:07]} Nf6 {[%emt 0:00:47]} 5. Nbd2 {[%emt 0:00:30]} O-O {[%emt 0:00:47]} 6. O-O {[%emt 0:00:31]} d6 {[%emt 0:03:14]} 7. c3 {[%emt 0:00:10]} a6 {[%emt 0:01:25]} 8. Bb3 {[%emt 0:00:04]} Ba7 {[%emt 0:01:24]} 9. Re1 {[%emt 0:01:58]} Ne7 {[%emt 0:00:41]} 10. Nf1 {[%emt 0:00:54]} Ng6 {[%emt 0:00:51]} 11. Ng3 {[%emt 0:00:10]} c5 {[%emt 0:08:52]} 12. h3 {[%emt 0:01:06]} Be6 {[%emt 0:05:56]} 13. Be3 {[%emt 0:08:40]} Re8 {[%emt 0:05:00]} 14. Ng5 {[%emt 0:13:47]} h6 {[%emt 0:00:13]} 15. Nxe6 {[%emt 0:00:04]} fxe6 $14 {[%emt 0:00:05]} 16. d4 {[%emt 0:01:03]} cxd4 {[%emt 0:01:01]} 17. cxd4 {[%emt 0:01:50]} Kh7 {[%emt 0:00:57]} 18. Qd2 {[%emt 0:08:48]} Qe7 {[%emt 0:07:00]} 19. Rad1 {[%emt 0:00:34]} Rac8 {[%emt 0:05:35]} 20. Qd3 {[%emt 0:10:37]} exd4 {[%emt 0:09:28]} 21. Bxd4 {[%emt 0:00:13]} Bxd4 {[%emt 0:00:04]} 22. Qxd4 {[%emt 0:00:04]} Rc6 {[%emt 0:00:10]} 23. Qd3 {[%emt 0:09:00]} Nd7 {[%emt 0:04:55]} 24. Qe3 {[%emt 0:05:46]} Rf8 {[%emt 0:06:28]} 25. Ne2 {[%emt 0:01:00]} e5 {[%emt 0:05:23]} 26. Bd5 {[%emt 0:04:56]} Rc7 {[%emt 0:00:09]} 27. Rc1 {[%emt 0:00:27]} Rxc1 {[%emt 0:03:01]} 28. Rxc1 {[%emt 0:00:12]} Nf6 {[%emt 0:00:25]} 29. Bb3 {[%emt 0:03:23]} Qd7 {[%emt 0:03:17]} 30. Qb6 {[%emt 0:12:18]} Rc8 {[%emt 0:10:11]} 31. Rxc8 {[%emt 0:00:41]} Qxc8 {[%emt 0:01:29]} 32. Qxd6 {[%emt 0:00:03]} Nxe4 {[%emt 0:00:11]} 33. Qd3 {[%emt 0:00:44]} Nf6 {[%emt 0:08:54]} 34. Ng3 {[%emt 0:06:02]} Qc1+ {[%emt 0:01:50]} 35. Kh2 {[%emt 0:00:02]} Qf4 {[%emt 0:00:07]} 36. Bc2 {[%emt 0:02:31]} e4 {[%emt 0:00:01]} 37. Qe3 {[%emt 0:02:29]} Qe5 {[%emt 0:00:01]} 38. Qc3 {[%emt 0:06:09]} Qf4 {[%emt 0:02:19]} 39. Qe3 {[%emt 0:00:10]} Qe5 {[%emt 0:00:01]} 40. Bxe4 {[%emt 0:01:48]} Nxe4 {[%emt 0:00:06]} 41. Qxe4 {[%emt 0:00:01]} Qxb2 {[%emt 0:00:07]} 42. h4 {[%emt 0:00:09]} Qf6 {[%emt 0:01:33]} 43. Qxb7 {[%emt 0:01:30]} 1/2-1/2

[Event "September Lviv Tradition 2019"]
[Site "Lviv"]
[Date "2019.09.25"]
[Round "4.5"]
[White "Cherniaiev, Tykhon"]
[Black "Vakulenko, Oleksandr"]
[Result "1/2-1/2"]
[WhiteElo "2112"]
[BlackElo "2167"]
[Annotator "NA"]
[PlyCount "70"]
[EventDate "2019.09.23"]
[EventType "tourn"]
[EventCountry "UKR"]
[SourceTitle "playchess.com"]
[Source "ChessBase"]
[SourceQuality "1"]
[TimeControl "5400+30"]

1. e4 {[%emt 0:00:00]} e5 {[%emt 0:00:00]} 2. Nf3 {[%emt 0:00:00]} Nc6 {[%emt 0:00:00]} 3. Bc4 {[%emt 0:00:22]} Nf6 {[%emt 0:00:17]} 4. d3 {[%emt 0:00:06]} h6 {[%emt 0:00:13]} 5. O-O {[%emt 0:00:56]} d6 $14 {[%emt 0:00:09]} 6. d4 {[%emt 0:01:11]} Bg4 {[%emt 0:15:42]} 7. dxe5 {[%emt 0:01:34]} dxe5 {[%emt 0:05:21]} 8. Nbd2 {[%emt 0:00:30]} Bd6 {[%emt 0:03:49]} 9. c3 {[%emt 0:00:43]} O-O {[%emt 0:00:54]} 10. Be2 {[%emt 0:21:14]} Nb8 {[%emt 0:04:57]} 11. Nc4 {[%emt 0:04:01]} Re8 {[%emt 0:06:15]} 12. Qc2 {[%emt 0:05:04]} Nbd7 {[%emt 0:02:35]} 13. Be3 {[%emt 0:07:54]} Bc5 {[%emt 0:07:42]} 14. Rad1 {[%emt 0:10:18]} Qe7 {[%emt 0:08:53]} 15. Rfe1 {[%emt 0:10:37]} Qe6 {[%emt 0:09:50]} 16. Bxc5 {[%emt 0:04:18]} Bxf3 {[%emt 0:01:31]} 17. Bxf3 {[%emt 0:00:23]} Qxc4 {[%emt 0:00:37]} 18. Ba3 {[%emt 0:00:10]} Qxa2 {[%emt 0:00:55]} 19. c4 {[%emt 0:00:43]} b5 {[%emt 0:05:17]} 20. cxb5 {[%emt 0:01:15]} Rac8 {[%emt 0:03:14]} 21. Qc6 {[%emt 0:05:13]} Qe6 {[%emt 0:04:01]} 22. Rc1 {[%emt 0:04:39]} Nb8 {[%emt 0:05:23]} 23. Qxe6 {[%emt 0:03:12]} Rxe6 {[%emt 0:00:09]} 24. Bc5 {[%emt 0:00:45]} a6 {[%emt 0:00:39]} 25. bxa6 {[%emt 0:00:13]} Nxa6 {[%emt 0:00:06]} 26. Ba3 {[%emt 0:00:11]} c5 {[%emt 0:05:40]} 27. Be2 {[%emt 0:01:03]} Rb6 {[%emt 0:01:09]} 28. Bxa6 {[%emt 0:01:35]} Rxa6 {[%emt 0:00:01]} 29. Rxc5 {[%emt 0:00:58]} Rxc5 {[%emt 0:00:09]} 30. Bxc5 {[%emt 0:00:03]} Nxe4 {[%emt 0:00:09]} 31. Ba3 {[%emt 0:00:07]} Nd6 {[%emt 0:01:01]} 32. Rxe5 {[%emt 0:00:21]} Nc4 {[%emt 0:00:11]} 33. Re1 {[%emt 0:00:12]} Rb6 {[%emt 0:01:01]} 34. h3 {[%emt 0:00:27]} Nxb2 {[%emt 0:00:39]} 35. Bxb2 {[%emt 0:00:05]} Rxb2 {[%emt 0:00:04]} 1/2-1/2

[Event "September Lviv Tradition 2019"]
[Site "Lviv"]
[Date "2019.09.25"]
[Round "5.1"]
[White "Vakulenko, Oleksandr"]
[Black "Goikhman, Valentin"]
[Result "1-0"]
[WhiteElo "2167"]
[BlackElo "2295"]
[Annotator "NA"]
[PlyCount "79"]
[EventDate "2019.09.23"]
[EventType "tourn"]
[EventCountry "UKR"]
[SourceTitle "playchess.com"]
[Source "ChessBase"]
[SourceQuality "1"]
[TimeControl "5400+30"]

1. d4 {[%emt 0:00:00]} Nf6 {[%emt 0:00:00]} 2. c4 {[%emt 0:00:00]} e6 {[%emt 0:00:00]} 3. Nc3 {[%emt 0:00:06]} Bb4 {[%emt 0:00:05]} 4. e3 {[%emt 0:00:06]} c5 {[%emt 0:00:56]} 5. Nge2 {[%emt 0:00:56]} b6 {[%emt 0:05:17]} 6. a3 {[%emt 0:03:57]} Ba5 {[%emt 0:03:20]} 7. Rb1 {[%emt 0:03:52]} Qe7 {[%emt 0:05:21]} 8. f3 {[%emt 0:18:24]} O-O {[%emt 0:03:15]} 9. d5 {[%emt 0:02:40]} exd5 {[%emt 0:05:54]} 10. cxd5 {[%emt 0:00:11]} Bb7 {[%emt 0:04:35]} 11. e4 {[%emt 0:01:02]} Nh5 {[%emt 0:02:31]} 12. g4 {[%emt 0:11:10]} Qh4+ {[%emt 0:12:04]} 13. Kd2 {[%emt 0:00:06]} Bxc3+ {[%emt 0:02:28]} 14. bxc3 {[%emt 0:01:35]} f5 {[%emt 0:07:26]} 15. gxh5 {[%emt 0:12:46]} fxe4 {[%emt 0:00:15]} 16. Ng3 {[%emt 0:07:09]} exf3 {[%emt 0:18:51]} 17. c4 {[%emt 0:00:54]} d6 {[%emt 0:02:45]} 18. Qe1 {[%emt 0:09:35]} Nc6 {[%emt 0:11:53]} 19. Qe4 {[%emt 0:09:02]} Rf4 {[%emt 0:05:40]} 20. Qe6+ {[%emt 0:00:10]} Kh8 {[%emt 0:00:33]} 21. dxc6 {[%emt 0:04:21]} Bxc6 {[%emt 0:02:18]} 22. Bd3 {[%emt 0:00:52]} Re8 {[%emt 0:04:50]} 23. Qxd6 {[%emt 0:03:55]} Rf6 {[%emt 0:00:37]} 24. Qc7 {[%emt 0:00:52]} f2 {[%emt 0:00:32]} 25. Bb2 {[%emt 0:01:00]} Qg5+ {[%emt 0:00:17]} 26. Kc3 {[%emt 0:01:42]} Qe3 {[%emt 0:00:42]} 27. Rhd1 {[%emt 0:01:21]} Ba4 {[%emt 0:00:28]} 28. Nf1 {[%emt 0:01:01]} Qg5 {[%emt 0:00:35]} 29. Qg3 {[%emt 0:03:35]} Qxh5 {[%emt 0:00:22]} 30. Kd2 {[%emt 0:00:37]} Qh6+ {[%emt 0:00:34]} 31. Ne3 {[%emt 0:00:01]} Bxd1 {[%emt 0:00:33]} 32. Bxf6 {[%emt 0:00:41]} Qxf6 {[%emt 0:00:27]} 33. Rxd1 {[%emt 0:00:01]} Rd8 {[%emt 0:00:33]} 34. Rf1 {[%emt 0:00:38]} Qd4 {[%emt 0:00:28]} 35. Nc2 {[%emt 0:00:55]} Qxc4 {[%emt 0:00:24]} 36. Rxf2 {[%emt 0:01:03]} Qd5 {[%emt 0:00:30]} 37. Qf3 {[%emt 0:01:13]} Qd6 {[%emt 0:00:36]} 38. Qe4 {[%emt 0:00:43]} g6 {[%emt 0:00:32]} 39. Kc3 {[%emt 0:00:30]} b5 {[%emt 0:00:32]} 40. Bxb5 {[%emt 0:00:31]} 1-0

[Event "September Lviv Tradition 2019"]
[Site "Lviv"]
[Date "2019.09.25"]
[Round "5.2"]
[White "Frolov, Artur"]
[Black "Cherniaiev, Tykhon"]
[Result "1-0"]
[WhiteElo "2425"]
[BlackElo "2112"]
[Annotator "NA"]
[PlyCount "153"]
[EventDate "2019.09.23"]
[EventType "tourn"]
[EventCountry "UKR"]
[SourceTitle "playchess.com"]
[Source "ChessBase"]
[SourceQuality "1"]
[TimeControl "5400+30"]

1. d4 {[%emt 0:00:00]} Nf6 {[%emt 0:00:44]} 2. Nf3 {[%emt 0:00:00]} e6 {[%emt 0:00:07]} 3. g3 {[%emt 0:00:28]} b5 {[%emt 0:01:01]} 4. Bg2 {[%emt 0:00:26]} Bb7 {[%emt 0:00:27]} 5. O-O {[%emt 0:00:10]} d5 {[%emt 0:01:07]} 6. a4 {[%emt 0:03:03]} b4 {[%emt 0:02:57]} 7. c3 {[%emt 0:03:11]} bxc3 {[%emt 0:07:28]} 8. bxc3 {[%emt 0:00:11]} Be7 {[%emt 0:06:31]} 9. Ba3 {[%emt 0:00:06]} O-O {[%emt 0:00:49]} 10. Nbd2 {[%emt 0:01:54]} Nbd7 {[%emt 0:02:05]} 11. Bxe7 {[%emt 0:03:49]} Qxe7 {[%emt 0:00:11]} 12. Rb1 {[%emt 0:01:04]} Rab8 {[%emt 0:04:04]} 13. Re1 {[%emt 0:08:12]} c5 {[%emt 0:01:54]} 14. e3 {[%emt 0:04:39]} Bc6 {[%emt 0:03:12]} 15. a5 {[%emt 0:03:55]} a6 {[%emt 0:03:27]} 16. c4 {[%emt 0:07:51]} Rxb1 {[%emt 0:16:18]} 17. Qxb1 {[%emt 0:00:16]} Rb8 {[%emt 0:00:19]} 18. Qa1 {[%emt 0:00:08]} Ne4 {[%emt 0:00:24]} 19. cxd5 {[%emt 0:04:44]} Bxd5 {[%emt 0:01:45]} 20. Bf1 {[%emt 0:09:41]} Nxd2 {[%emt 0:02:49]} 21. Nxd2 {[%emt 0:00:15]} cxd4 {[%emt 0:00:05]} 22. Qxd4 {[%emt 0:01:32]} Bc6 {[%emt 0:21:56]} 23. Rc1 {[%emt 0:01:11]} Bb5 {[%emt 0:00:35]} 24. Rc7 {[%emt 0:08:04]} Qd8 {[%emt 0:04:27]} 25. Qd6 {[%emt 0:00:33]} Nf8 {[%emt 0:00:14]} 26. Qxd8 {[%emt 0:01:22]} Rxd8 {[%emt 0:00:12]} 27. Bxb5 {[%emt 0:00:03]} Rxd2 {[%emt 0:00:12]} 28. Bxa6 {[%emt 0:00:18]} Rd5 {[%emt 0:00:04]} 29. Bc4 {[%emt 0:02:16]} Rxa5 {[%emt 0:00:05]} 30. Kg2 {[%emt 0:00:08]} g6 {[%emt 0:00:04]} 31. h4 {[%emt 0:00:27]} h5 {[%emt 0:00:59]} 32. Rb7 {[%emt 0:06:21]} Ra8 {[%emt 0:01:42]} 33. e4 {[%emt 0:00:41]} Rd8 {[%emt 0:00:36]} 34. Bb5 {[%emt 0:00:46]} Nh7 {[%emt 0:02:42]} 35. e5 {[%emt 0:00:40]} g5 {[%emt 0:00:47]} 36. hxg5 {[%emt 0:01:01]} Nxg5 {[%emt 0:07:44]} 37. Be2 {[%emt 0:00:10]} Rd2 {[%emt 0:00:08]} 38. Bxh5 {[%emt 0:00:46]} Ra2 {[%emt 0:00:03]} 39. Rb3 {[%emt 0:02:42]} Kg7 {[%emt 0:02:19]} 40. Re3 {[%emt 0:00:11]} Rb2 {[%emt 0:00:35]} 41. Be2 {[%emt 0:00:07]} Rb4 {[%emt 0:00:47]} 42. f3 {[%emt 0:01:02]} Nh7 {[%emt 0:00:55]} 43. f4 {[%emt 0:00:05]} Nf8 {[%emt 0:00:06]} 44. Rc3 {[%emt 0:01:07]} Ng6 {[%emt 0:01:11]} 45. Kf3 {[%emt 0:00:35]} Ne7 {[%emt 0:00:16]} 46. Bc4 {[%emt 0:01:31]} Nf5 {[%emt 0:00:33]} 47. Bd3 {[%emt 0:00:19]} Rb3 {[%emt 0:02:02]} 48. Rxb3 {[%emt 0:00:39]} Nd4+ {[%emt 0:00:01]} 49. Ke3 {[%emt 0:00:13]} Nxb3 {[%emt 0:00:04]} 50. Bb5 {[%emt 0:00:39]} Kf8 {[%emt 0:00:59]} 51. Kd3 {[%emt 0:01:52]} Ke7 {[%emt 0:00:56]} 52. Kc3 {[%emt 0:02:22]} Na5 {[%emt 0:01:14]} 53. Kb4 {[%emt 0:00:17]} Nb7 {[%emt 0:00:05]} 54. Bc6 {[%emt 0:00:03]} Nd8 {[%emt 0:00:05]} 55. Kc5 {[%emt 0:02:04]} f6 {[%emt 0:00:23]} 56. Bf3 {[%emt 0:00:21]} fxe5 {[%emt 0:01:37]} 57. fxe5 {[%emt 0:00:01]} Nf7 {[%emt 0:00:08]} 58. Kd4 {[%emt 0:00:18]} Nh6 {[%emt 0:00:29]} 59. Ke4 {[%emt 0:00:27]} Kf7 {[%emt 0:02:02]} 60. Kf4 {[%emt 0:01:57]} Nf5 {[%emt 0:00:52]} 61. Bh5+ {[%emt 0:00:06]} Kg7 {[%emt 0:00:19]} 62. Bg4 {[%emt 0:00:14]} Nd4 {[%emt 0:00:14]} 63. Ke4 {[%emt 0:00:09]} Nb3 {[%emt 0:00:19]} 64. Bxe6 {[%emt 0:00:13]} Nd2+ {[%emt 0:00:04]} 65. Ke3 {[%emt 0:00:27]} Nf1+ {[%emt 0:00:11]} 66. Kf4 {[%emt 0:00:03]} Kf8 {[%emt 0:00:16]} 67. Bd5 {[%emt 0:00:32]} Nd2 {[%emt 0:00:05]} 68. Ba2 {[%emt 0:01:02]} Ke7 {[%emt 0:00:05]} 69. g4 {[%emt 0:00:00]} Kf8 {[%emt 0:00:06]} 70. g5 {[%emt 0:00:18]} Kg7 {[%emt 0:00:04]} 71. e6 {[%emt 0:00:08]} Kf8 {[%emt 0:00:04]} 72. g6 {[%emt 0:00:10]} Kg7 {[%emt 0:00:04]} 73. e7 {[%emt 0:00:06]} Kxg6 {[%emt 0:00:04]} 74. e8=Q+ {[%emt 0:00:06]} Kh7 {[%emt 0:00:06]} 75. Kf5 {[%emt 0:00:32]} Nf3 {[%emt 0:00:05]} 76. Qg6+ {[%emt 0:00:07]} Kh8 {[%emt 0:00:03]} 77. Qg8# {[%emt 0:00:05]} 1-0

[Event "September Lviv Tradition 2019"]
[Site "Lviv"]
[Date "2019.09.25"]
[Round "5.3"]
[White "Nester, Ihor"]
[Black "Rydstrom, Tom"]
[Result "1-0"]
[WhiteElo "2383"]
[BlackElo "2322"]
[Annotator "NA"]
[PlyCount "39"]
[EventDate "2019.09.23"]
[EventType "tourn"]
[EventCountry "UKR"]
[SourceTitle "playchess.com"]
[Source "ChessBase"]
[SourceQuality "1"]
[TimeControl "5400+30"]

1. Nf3 {[%emt 0:00:00]} d5 {[%emt 0:00:00]} 2. d4 {[%emt 0:00:00]} Nf6 {[%emt 0:00:31]} 3. c4 {[%emt 0:00:30]} dxc4 {[%emt 0:02:03]} 4. e3 {[%emt 0:01:14]} e6 {[%emt 0:00:11]} 5. Bxc4 {[%emt 0:00:05]} a6 {[%emt 0:00:03]} 6. O-O {[%emt 0:00:08]} c5 {[%emt 0:00:02]} 7. dxc5 {[%emt 0:00:05]} Bxc5 {[%emt 0:00:29]} 8. Qxd8+ {[%emt 0:00:07]} Kxd8 {[%emt 0:00:03]} 9. Ne5 {[%emt 0:00:31]} Ke7 {[%emt 0:00:54]} 10. Be2 {[%emt 0:00:06]} Nbd7 {[%emt 0:03:59]} 11. Nc4 {[%emt 0:03:17]} Rd8 {[%emt 0:39:20]} 12. Nbd2 {[%emt 0:05:49]} Kf8 {[%emt 0:11:47]} 13. Nb3 {[%emt 0:00:42]} Be7 {[%emt 0:00:36]} 14. Bd2 {[%emt 0:00:18]} Rb8 {[%emt 0:01:54]} 15. Nd4 {[%emt 0:14:06]} Ne4 {[%emt 0:04:56]} 16. Be1 {[%emt 0:00:52]} Nd6 {[%emt 0:01:01]} 17. Ba5 {[%emt 0:06:24]} b6 {[%emt 0:00:38]} 18. Bb4 {[%emt 0:00:30]} Nxc4 {[%emt 0:07:23]} 19. Bxe7+ {[%emt 0:00:16]} Kxe7 {[%emt 0:00:02]} 20. Nc6+ {[%emt 0:00:48]} 1-0

[Event "September Lviv Tradition 2019"]
[Site "Lviv"]
[Date "2019.09.25"]
[Round "5.4"]
[White "Sevostianov, Pavel"]
[Black "Gavrish, Leonid"]
[Result "1-0"]
[WhiteElo "2260"]
[BlackElo "2022"]
[Annotator "NA"]
[PlyCount "53"]
[EventDate "2019.09.23"]
[EventType "tourn"]
[EventCountry "UKR"]
[SourceTitle "playchess.com"]
[Source "ChessBase"]
[SourceQuality "1"]
[TimeControl "5400+30"]

1. Nf3 {[%emt 0:11:25]} Nf6 {[%emt 0:00:00]} 2. c4 {[%emt 0:00:08]} c5 {[%emt 0:00:00]} 3. g3 {[%emt 0:00:14]} g6 {[%emt 0:00:00]} 4. Bg2 {[%emt 0:00:13]} Bg7 {[%emt 0:00:00]} 5. Nc3 {[%emt 0:00:12]} O-O {[%emt 0:00:11]} 6. d4 {[%emt 0:01:57]} cxd4 {[%emt 0:00:08]} 7. Qxd4 {[%emt 0:00:45]} Nc6 {[%emt 0:00:08]} 8. Qh4 {[%emt 0:00:08]} d5 {[%emt 0:00:12]} 9. cxd5 {[%emt 0:02:37]} Na5 {[%emt 0:13:27]} 10. O-O {[%emt 0:03:29]} h5 {[%emt 0:01:17]} 11. e4 {[%emt 0:01:25]} Nc4 {[%emt 0:03:36]} 12. h3 {[%emt 0:08:01]} Nh7 {[%emt 0:03:12]} 13. g4 {[%emt 0:06:23]} hxg4 {[%emt 0:10:05]} 14. hxg4 {[%emt 0:00:18]} e6 {[%emt 0:01:19]} 15. Ng5 {[%emt 0:04:30]} Nxg5 {[%emt 0:04:03]} 16. Bxg5 {[%emt 0:00:08]} Qb6 {[%emt 0:10:27]} 17. b3 {[%emt 0:02:47]} Bxc3 {[%emt 0:03:41]} 18. bxc4 {[%emt 0:00:03]} exd5 {[%emt 0:02:33]} 19. Rab1 {[%emt 0:09:48]} Qa6 {[%emt 0:04:32]} 20. Rb3 {[%emt 0:01:45]} Bg7 {[%emt 0:04:28]} 21. Rh3 {[%emt 0:01:50]} f6 {[%emt 0:01:30]} 22. Bh6 {[%emt 0:00:44]} g5 {[%emt 0:07:18]} 23. Qh5 {[%emt 0:00:25]} Bxh6 {[%emt 0:01:05]} 24. Qxh6 {[%emt 0:00:22]} Kf7 {[%emt 0:01:30]} 25. Qh7+ {[%emt 0:00:46]} Ke6 {[%emt 0:02:16]} 26. exd5+ {[%emt 0:00:11]} Kd6 {[%emt 0:02:23]} 27. c5+ {[%emt 0:00:12] Kxd5} 1-0